| 000 | 01412nab a22002657a 4500 | ||
|---|---|---|---|
| 999 |
_c5530 _d5530 |
||
| 003 | OSt | ||
| 005 | 20251215122627.0 | ||
| 008 | 190502c xxu||||| |||| 00| 0 spa d | ||
| 040 | _cPJ | ||
| 100 |
_96439 _aCarús, Juan |
||
| 245 | 1 | 0 |
_aDesobediencia a la autoridad (art. 239, Cód. Penal) / _cJuan Carús. |
| 260 |
_aCiudad Autónoma de Buenos Aires : _bThomson Reuters La Ley, _c2025. |
||
| 300 | _ap. 35-66 | ||
| 500 | _aCita Online: AR/DOC/2645/2025. | ||
| 505 | _aSumario: I. Bien jurídico tutelado y principio de insignificancia.— II. Tipicidad. — III. Antijuridicidad, el consentimiento justificante y el derecho de disposición. — IV. Error de prohibición.— V. Reparación del daño.— VI. Concursos.— VII. Derecho de defensa en juicio y principio de congruencia.— VIII. Cuestiones de competencia. | ||
| 505 | _aFallo comentado: CNCasCrim. y Correc., sala I ~ 14/03/2023 ~ S.,S. y otros c. V., E. D. y otro s/ homicidio simple y lesiones gravísimas. | ||
| 505 | _t¿Te interesa el texto completo? Solicitalo al correo: koha@justierradelfuego.gov.ar | ||
| 650 | 0 |
_9343 _aDERECHO PENAL |
|
| 650 | 0 |
_aCONCURSO DE DELITOS _92681 |
|
| 650 | 0 |
_aDEFENSA EN JUICIO _9586 |
|
| 650 | 0 |
_aDELITOS _93136 |
|
| 650 | 0 | _aANTIJURICIDAD | |
| 773 | 0 |
_02729 _93180 _dBuenos Aires : LexisNexis, 2006- _tRevista de derecho penal y procesal penal. Nº 12 - Diciembre 2025 _z9875920622 |
|
| 942 |
_2udc _cANA |
||